<?xml version="1.0" encoding="UTF-8"?>
<record
    xmlns:xsi="http://www.w3.org/2001/XMLSchema-instance"
    xsi:schemaLocation="http://www.loc.gov/MARC21/slim http://www.loc.gov/standards/marcxml/schema/MARC21slim.xsd"
    xmlns="http://www.loc.gov/MARC21/slim">

  <leader>03028cam a2200313   4500500</leader>
  <controlfield tag="005">20260405004726.0</controlfield>
  <datafield tag="041" ind1=" " ind2=" ">
    <subfield code="a">fre</subfield>
  </datafield>
  <datafield tag="042" ind1=" " ind2=" ">
    <subfield code="a">dc</subfield>
  </datafield>
  <datafield tag="100" ind1="1" ind2="0">
    <subfield code="a">Jourdain, Anne</subfield>
    <subfield code="e">author</subfield>
  </datafield>
  <datafield tag="245" ind1="0" ind2="0">
    <subfield code="a">Derri&#xE8;re les sourires, la pr&#xE9;carit&#xE9;</subfield>
  </datafield>
  <datafield tag="260" ind1=" " ind2=" ">
    <subfield code="c">2024.
							</subfield>
  </datafield>
  <datafield tag="500" ind1=" " ind2=" ">
    <subfield code="a">99</subfield>
  </datafield>
  <datafield tag="520" ind1=" " ind2=" ">
    <subfield code="a">While the literature on the creation of digital content has focused on influencers, few studies deal with the professional and commercial use of internet by self-employed individuals seeking customers for their products or services. This article proposes to fill this gap by considering the case of coaches specializing in career changes. By analysing how web marketing is transforming the work of freelancers, it highlights the gap between the very positive image projected by the digital content created by these professionals, and the precariousness of their working and employment conditions. The emotional, financial, and time investment required to create content is itself a factor of precariousness. In particular, the promises of entrepreneurial success conveyed by web marketing training courses &#x2013; whose clients are coaches (but also consultants, therapists, etc.) &#x2013; contribute to the development of aspirational work. Web marketing is thus fostering the development of precarious labour markets.</subfield>
  </datafield>
  <datafield tag="520" ind1=" " ind2=" ">
    <subfield code="a">Alors que la litt&#xE9;rature sur la cr&#xE9;ation de contenus num&#xE9;riques s&#x2019;est concentr&#xE9;e sur les influenceurs et les influenceuses, peu de travaux traitent des usages professionnels et marchands d&#x2019;internet par des ind&#xE9;pendants recherchant des clients pour vendre leurs produits ou services. &#xC0; partir du cas des coachs sp&#xE9;cialis&#xE9;es dans les reconversions professionnelles, l&#x2019;article propose de combler ce manque. En analysant comment le webmarketing transforme le travail des ind&#xE9;pendants, il met en lumi&#xE8;re l&#x2019;&#xE9;cart entre l&#x2019;image tr&#xE8;s positive renvoy&#xE9;e par les contenus num&#xE9;riques cr&#xE9;&#xE9;s par ces professionnelles et la pr&#xE9;carit&#xE9; de leurs conditions de travail et d&#x2019;emploi. L&#x2019;investissement temporel, &#xE9;motionnel et financier requis par la cr&#xE9;ation de contenus appara&#xEE;t lui-m&#xEA;me comme un facteur de pr&#xE9;carisation. En particulier, les promesses de r&#xE9;ussite entrepreneuriale v&#xE9;hicul&#xE9;es par les formations au webmarketing &#x2013; dont les clients sont les coachs (mais aussi les consultants, les th&#xE9;rapeutes&#x2026;) &#x2013; contribue au d&#xE9;veloppement d&#x2019;un travail aspirationnel. Ainsi, le webmarketing favorise le d&#xE9;veloppement de march&#xE9;s du travail pr&#xE9;caires.</subfield>
  </datafield>
  <datafield tag="690" ind1=" " ind2=" ">
    <subfield code="a">coaching</subfield>
  </datafield>
  <datafield tag="690" ind1=" " ind2=" ">
    <subfield code="a">ind&#xE9;pendance</subfield>
  </datafield>
  <datafield tag="690" ind1=" " ind2=" ">
    <subfield code="a">personal branding</subfield>
  </datafield>
  <datafield tag="690" ind1=" " ind2=" ">
    <subfield code="a">pr&#xE9;carit&#xE9;</subfield>
  </datafield>
  <datafield tag="690" ind1=" " ind2=" ">
    <subfield code="a">travail marchand</subfield>
  </datafield>
  <datafield tag="690" ind1=" " ind2=" ">
    <subfield code="a">webmarketing</subfield>
  </datafield>
  <datafield tag="690" ind1=" " ind2=" ">
    <subfield code="a">coaching</subfield>
  </datafield>
  <datafield tag="690" ind1=" " ind2=" ">
    <subfield code="a">market work</subfield>
  </datafield>
  <datafield tag="690" ind1=" " ind2=" ">
    <subfield code="a">personal branding</subfield>
  </datafield>
  <datafield tag="690" ind1=" " ind2=" ">
    <subfield code="a">precariousness</subfield>
  </datafield>
  <datafield tag="690" ind1=" " ind2=" ">
    <subfield code="a">self-employment</subfield>
  </datafield>
  <datafield tag="690" ind1=" " ind2=" ">
    <subfield code="a">web marketing</subfield>
  </datafield>
  <datafield tag="786" ind1="0" ind2=" ">
    <subfield code="n">R&#xE9;seaux | 246-247 | 4 | 2024-12-17 | p. 195-226 | 0751-7971</subfield>
  </datafield>
  <datafield tag="856" ind1="4" ind2="1">
    <subfield code="u">https://shs.cairn.info/revue-reseaux-2024-4-page-195?lang=fr&amp;redirect-ssocas=7080</subfield>
  </datafield>
  <datafield tag="999" ind1=" " ind2=" ">
    <subfield code="c">2077918</subfield>
    <subfield code="d">2077918</subfield>
  </datafield>
</record>
